| 000 | 00756nam a2200217 i 4500 | ||
|---|---|---|---|
| 001 | bg | ||
| 245 | 0 | 0 |
_aSystemy i technologie informatyczne w badaniach i praktyce / _cpod red. Franciszka W. Przystupy ; [aut. rozdz. Mieczysław Bazewicz et al.] ; Politechnika Wrocławska. |
| 260 |
_aWrocław : _bOficyna Wydawnicza PW, _c1996. |
||
| 300 |
_a183 s. : _brys., wykr. ; _c24 cm. |
||
| 504 | _aBibliogr. przy rozdz. - Summ. | ||
| 650 | 9 |
_aSystemy informatyczne _xstosowanie _xzagadnienia |
|
| 700 | 1 |
_aPRZYSTUPA, Franciszek W. _eRed. |
|
| 700 | 1 | _aBAZEWICZ, Mieczysław. | |
| 020 | _a837085253X | ||
| 040 | _cBPK | ||
| 041 | 0 |
_apl _ben |
|
| 080 | _a681.324:002.5 | ||
| 920 | _a83-7085-253-X | ||
| 942 | _cKS | ||
| 008 | s pl f |000 0 pol | ||
| 999 |
_c31866 _d31866 |
||
| 856 |
_uhttp://koha.tu.koszalin.pl/cgi-bin/koha/opac-detail.pl?biblionumber=31866 _yKatalog online BPK |
||